[Event "Cheliabinsk Evenings (Women)"]
[Site "Cheliabinsk"]
[Date "2022.12.04"]
[Round "6"]
[White "Tomilova, Elena"]
[Black "Kleymenova, Valeria"]
[Result "1-0"]
[WhiteElo "2207"]
[BlackElo "2141"]
[PlyCount "85"]
[EventDate "2022.11.29"]
[EventType "tourn"]
[EventRounds "9"]
[EventCountry "RUS"]
[EventCategory "1"]
[SourceTitle "CBM 211 Extra"]
[Source "ChessBase"]
[SourceDate "2023.01.31"]
[SourceVersion "1"]
[SourceVersionDate "2023.01.31"]
[SourceQuality "1"]

1. d4 Nf6 2. Nf3 d5 3. c4 e6 4. Nc3 a6 5. c5 b6 6. cxb6 c5 7. a3 Nbd7 8. e3 Nxb6 9. Bd3 Bd6 10. 0-0 Bb7 11. Ne5 0-0 12. Bd2 Qe7 13. Rc1 Rfd8 14. Ne2 Nbd7 15. f4 Rdc8 16. Qa4 c4 17. Bb1 Rab8 18. Be1 Nb6 19. Qd1 Nfd7 20. Nc3 f5 21. g4 Rf8 22. gxf5 exf5 23. Rf3 Bxe5 24. fxe5 Nxe5 25. dxe5 d4 26. Rg3 dxc3 27. Bxc3 Rbd8 28. Qh5 Qe6 29. Kf2 Be4 30. Rcg1 Rd7 31. Rh3 g6 32. Rhg3 Rg7 33. Qh4 Nd5 34. Bxe4 fxe4+ 35. Kg2 Nxe3+ 36. Rxe3 Rgf7 37. Kh1 Rf4 38. Qg3 Qd5 39. e6 Qxe6 40. Qg5 Rf3 41. Qh6 R8f7 42. Qg5 Rf8 43. Qc5 1-0

[Event "Cheliabinsk Evenings (Women)"]
[Site "Cheliabinsk"]
[Date "2022.12.03"]
[Round "5"]
[White "Kleymenova, Valeria"]
[Black "Charochkina, Daria"]
[Result "1/2-1/2"]
[WhiteElo "2141"]
[BlackElo "2344"]
[PlyCount "69"]
[EventDate "2022.11.29"]
[EventType "tourn"]
[EventRounds "9"]
[EventCountry "RUS"]
[EventCategory "1"]
[SourceTitle "CBM 211 Extra"]
[Source "ChessBase"]
[SourceDate "2023.01.31"]
[SourceVersion "1"]
[SourceVersionDate "2023.01.31"]
[SourceQuality "1"]

1. d4 d5 2. c4 c6 3. Nf3 Nf6 4. g3 dxc4 5. Bg2 g6 6. 0-0 Bg7 7. Ne5 Ng4 8. Nf3 0-0 9. e4 c5 10. d5 b5 11. Qc2 Na6 12. a3 e6 13. Nc3 exd5 14. Nxd5 Nc7 15. Rd1 Nxd5 16. Rxd5 Qb6 17. Bf4 Bb7 18. Rd6 Qa5 19. Rd7 Bc6 20. Rd6 Bb7 21. Rd7 Bc6 22. Rd6 Rac8 23. Bh3 h5 24. Bxg4 hxg4 25. Ne5 Ba8 26. Nxg4 Rc6 27. Rxc6 Bxc6 28. Be5 Re8 29. Bxg7 Kxg7 30. Qc1 Qd8 31. Qh6+ Kg8 32. Qf4 Kg7 33. Qh6+ Kg8 34. Qf4 Kg7 35. Qh6+ 1/2-1/2

[Event "Cheliabinsk Evenings (Women)"]
[Site "Cheliabinsk"]
[Date "2022.12.02"]
[Round "4"]
[White "Afonasieva, Anna"]
[Black "Kleymenova, Valeria"]
[Result "1-0"]
[WhiteElo "2147"]
[BlackElo "2141"]
[PlyCount "181"]
[EventDate "2022.11.29"]
[EventType "tourn"]
[EventRounds "9"]
[EventCountry "RUS"]
[EventCategory "1"]
[SourceTitle "CBM 211 Extra"]
[Source "ChessBase"]
[SourceDate "2023.01.31"]
[SourceVersion "1"]
[SourceVersionDate "2023.01.31"]
[SourceQuality "1"]

1. d4 Nf6 2. Bf4 d5 3. e3 c5 4. c3 Nc6 5. Nd2 Bf5 6. Qb3 Qc8 7. dxc5 e6 8. c4 d4 9. Bd6 Nd7 10. Bxf8 Nxf8 11. Ngf3 e5 12. Nh4 dxe3 13. fxe3 Ne7 14. Nxf5 Nxf5 15. Ne4 Ne6 16. g4 Qc6 17. Bg2 Nxc5 18. Nxc5 Qxg2 19. 0-0-0 Ne7 20. Qxb7 Qxb7 21. Nxb7 0-0 22. Rd7 Nc6 23. b3 e4 24. g5 Ne5 25. Re7 Nd3+ 26. Kb1 Rfe8 27. Rxe8+ Rxe8 28. Rf1 Re5 29. h4 h6 30. Nd6 Re7 31. Rf5 g6 32. Rd5 hxg5 33. hxg5 Nf2 34. c5 Ng4 35. Nc4 f5 36. gxf6 Nxf6 37. Rd8+ Kf7 38. Nd6+ Ke6 39. b4 g5 40. Nb5 Rd7 41. Rf8 Rb7 42. a4 Nd5 43. c6 Rh7 44. Rg8 a6 45. Nd4+ Kd6 46. Rg6+ Kc7 47. b5 Kb6 48. Rg8 axb5 49. axb5 g4 50. Rb8+ Kc5 51. Rb7 Rh8 52. Rg7 Nxe3 53. c7 Kxd4 54. Rd7+ Nd5 55. Rd8 Rh1+ 56. Kb2 Rh2+ 57. Kb3 Rh3+ 58. Ka4 Rc3 59. b6 e3 60. b7 e2 61. b8Q Rc4+ 62. Kb3 Rc3+ 63. Kb2 e1Q 64. Rxd5+ Kxd5 65. Qd8+ Ke6 66. Qe8+ Kf6 67. Qxe1 Rxc7 68. Qh4+ Kf5 69. Qf2+ Ke4 70. Qe2+ Kf4 71. Qd2+ Ke4 72. Qg5 Rb7+ 73. Kc3 Rc7+ 74. Kd2 Rd7+ 75. Ke2 Rd5 76. Qxg4+ Ke5 77. Ke3 Rd6 78. Qg5+ Ke6 79. Ke4 Kf7 80. Ke5 Rc6 81. Qf5+ Ke7 82. Qh7+ Kf8 83. Qd7 Rg6 84. Kf5 Rg7 85. Qd6+ Kf7 86. Qd8 Rh7 87. Qd7+ Kg8 88. Qe8+ Kg7 89. Kg5 Rh8 90. Qe7+ Kg8 91. Kg6 1-0

[Event "Cheliabinsk Evenings (Women)"]
[Site "Cheliabinsk"]
[Date "2022.12.01"]
[Round "3"]
[White "Kleymenova, Valeria"]
[Black "Filippova, Darya"]
[Result "1-0"]
[WhiteElo "2141"]
[BlackElo "2035"]
[PlyCount "63"]
[EventDate "2022.11.29"]
[EventType "tourn"]
[EventRounds "9"]
[EventCountry "RUS"]
[EventCategory "1"]
[SourceTitle "CBM 211 Extra"]
[Source "ChessBase"]
[SourceDate "2023.01.31"]
[SourceVersion "1"]
[SourceVersionDate "2023.01.31"]
[SourceQuality "1"]

1. d4 d5 2. c4 dxc4 3. Nf3 Nf6 4. e3 a6 5. Bxc4 b5 6. Bd3 Bb7 7. Qe2 e6 8. 0-0 Nbd7 9. a4 b4 10. a5 c5 11. Nbd2 cxd4 12. exd4 Be7 13. Nc4 0-0 14. Bf4 Nd5 15. Bg3 N7f6 16. Nfe5 g6 17. Rfd1 Nh5 18. Ng4 Nxg3 19. hxg3 Bf6 20. Nxf6+ Qxf6 21. Nd6 Rfb8 22. Rac1 Qd8 23. Qe5 Qxa5 24. Ne4 Qd8 25. Bc4 Qc7 26. Nf6+ Kh8 27. Qg5 Qd8 28. Bxd5 Bxd5 29. Qe5 Bb3 30. Nh5+ f6 31. Nxf6 Ra7 32. Nd7+ 1-0

[Event "Cheliabinsk Evenings (Women)"]
[Site "Cheliabinsk"]
[Date "2022.11.29"]
[Round "1"]
[White "Kovanova, Baira"]
[Black "Kleymenova, Valeria"]
[Result "1/2-1/2"]
[WhiteElo "2317"]
[BlackElo "2141"]
[PlyCount "59"]
[EventDate "2022.11.29"]
[EventType "tourn"]
[EventRounds "9"]
[EventCountry "RUS"]
[EventCategory "1"]
[SourceTitle "CBM 211 Extra"]
[Source "ChessBase"]
[SourceDate "2023.01.31"]
[SourceVersion "1"]
[SourceVersionDate "2023.01.31"]
[SourceQuality "1"]

1. e4 c5 2. Nf3 d6 3. Bb5+ Bd7 4. Bxd7+ Qxd7 5. c4 Nf6 6. Nc3 g6 7. d4 cxd4 8. Nxd4 Bg7 9. f3 0-0 10. Be3 Nc6 11. 0-0 e6 12. Qd2 Rfd8 13. Rad1 a6 14. Nxc6 Qxc6 15. Rc1 Nd7 16. b3 Ne5 17. Bd4 Rac8 18. Kh1 b5 19. cxb5 axb5 20. f4 Qb7 21. Qe2 b4 22. Nb5 Rxc1 23. Rxc1 Ng4 24. Bxg7 Kxg7 25. Rf1 d5 26. f5 Qb8 27. Qxg4 Qxb5 28. Re1 dxe4 29. fxe6 f5 30. Qf4 1/2-1/2

[Event "EU-ch U14 Girls 30th"]
[Site "Antalya"]
[Date "2022.11.13"]
[Round "8"]
[White "Kleymenova, Valeria"]
[Black "Zhapova, Yana"]
[Result "1-0"]
[WhiteElo "2141"]
[BlackElo "2220"]
[PlyCount "115"]
[EventDate "2022.11.06"]
[EventType "swiss"]
[EventRounds "9"]
[EventCountry "TUR"]
[SourceTitle "CBM 211 Extra"]
[Source "ChessBase"]
[SourceDate "2023.01.31"]
[SourceVersion "1"]
[SourceVersionDate "2023.01.31"]
[SourceQuality "1"]

1. d4 d5 2. c4 e6 3. Nf3 Nf6 4. g3 Bb4+ 5. Bd2 Be7 6. Bg2 0-0 7. 0-0 c6 8. Qc2 Nbd7 9. b3 b6 10. Rd1 Ba6 11. Bc3 Ne4 12. Ne5 Nxe5 13. Bxe4 Ng6 14. Bg2 Qc7 15. Bb2 Rac8 16. e4 dxe4 17. Qxe4 Rfd8 18. Nc3 Bf6 19. Qe3 c5 20. d5 exd5 21. Rxd5 Bd4 22. Rxd8+ Qxd8 23. Qd2 Ne7 24. Re1 Bf6 25. Qe2 h6 26. Rd1 Qf8 27. Rd7 Re8 28. Ne4 Bxb2 29. Qxb2 Nf5 30. Rxa7 Bc8 31. h3 Nd4 32. Nc3 Bf5 33. Kh2 Kh7 34. Qd2 Qd6 35. Qf4 Qg6 36. g4 Be6 37. Ne4 Kg8 38. Nd6 Rf8 39. Be4 f5 40. gxf5 Nxf5 41. Nxf5 Bxf5 42. Ra8 Rxa8 43. Bxa8 Bb1 44. a3 Qd3 45. Bd5+ Kh7 46. Qf8 Qd4 47. Qg8+ Kg6 48. Qe8+ Kg5 49. Kg2 Kf4 50. Qb8+ Kf5 51. Qc8+ Kg5 52. Qd8+ Kf5 53. Qd7+ Kg5 54. Qe7+ Kf5 55. Qf7+ Kg5 56. f4+ Qxf4 57. h4+ Qxh4 58. Qe7+ 1-0

[Event "EU-ch U14 Girls 30th"]
[Site "Antalya"]
[Date "2022.11.08"]
[Round "3"]
[White "Kleymenova, Valeria"]
[Black "Stankovic, Andrea"]
[Result "1-0"]
[WhiteElo "2141"]
[BlackElo "1725"]
[PlyCount "53"]
[EventDate "2022.11.06"]
[EventType "swiss"]
[EventRounds "9"]
[EventCountry "TUR"]
[SourceTitle "CBM 211 Extra"]
[Source "ChessBase"]
[SourceDate "2023.01.31"]
[SourceVersion "1"]
[SourceVersionDate "2023.01.31"]
[SourceQuality "1"]

1. d4 e6 2. c4 Nf6 3. g3 Bb4+ 4. Nd2 0-0 5. Bg2 d6 6. Ngf3 Nc6 7. 0-0 e5 8. Nb3 e4 9. Ng5 d5 10. cxd5 Qxd5 11. Nh3 Bxh3 12. Bxh3 Bd6 13. Bg2 a5 14. e3 Rfe8 15. Nd2 Qg5 16. b3 Bb4 17. Qc2 Bxd2 18. Bxd2 Rac8 19. Rac1 Nb4 20. Bxb4 axb4 21. Bh3 Ra8 22. Qxc7 Nd5 23. Rc5 Nxc7 24. Rxg5 Rxa2 25. Rc1 Na6 26. Bc8 f6 27. Rb5 1-0

[Event "RUS-chT Blitz (Women)"]
[Site "Sochi"]
[Date "2022.10.17"]
[Round "9.1"]
[White "Girya, Olga"]
[Black "Kleymenova, Valeria"]
[Result "0-1"]
[WhiteElo "2398"]
[BlackElo "2141"]
[PlyCount "86"]
[EventDate "2022.10.17"]
[EventType "team-swiss (blitz)"]
[EventRounds "11"]
[EventCountry "RUS"]
[SourceTitle "CBM 210 Extra"]
[Source "ChessBase"]
[SourceDate "2022.11.30"]
[SourceVersion "1"]
[SourceVersionDate "2022.11.30"]
[SourceQuality "1"]
[WhiteTeam "Yugra (W)"]
[BlackTeam "Cheliabinsk Yuzhnyy Ural (W) III"]
[WhiteTeamCountry "RUS"]
[BlackTeamCountry "RUS"]

1. d4 Nf6 2. Nf3 d5 3. c4 e6 4. Nc3 a6 5. cxd5 exd5 6. Bf4 c6 7. e3 Bf5 8. Qb3 Qc8 9. Rc1 Nbd7 10. h3 Be7 11. Be2 0-0 12. 0-0 h6 13. Ne5 Ra7 14. Rfe1 Qd8 15. Bf1 Ne4 16. Nxe4 Bxe4 17. Nxd7 Qxd7 18. Red1 Raa8 19. Bg3 Rfe8 20. Re1 Rac8 21. Rcd1 Bf6 22. Bd3 Bxd3 23. Qxd3 Be7 24. Rb1 a5 25. Qd2 Bb4 26. Qd3 Bxe1 27. Rxe1 c5 28. dxc5 Rxc5 29. Rd1 Qb5 30. Qd2 Qc4 31. h4 Qe4 32. Rc1 Rec8 33. Rxc5 Rxc5 34. Kh2 b6 35. Qe2 Rc2 36. Qb5 Qe6 37. Qb3 Qc6 38. a3 b5 39. Qd3 Rxb2 40. Be5 Rxf2 41. Qd4 Qg6 42. Bg3 Rf5 43. Qb6 Qxb6 0-1

[Event "RUS-ch Rapid (Women)"]
[Site "Sochi"]
[Date "2022.10.15"]
[Round "4"]
[White "Shuvalova, Polina"]
[Black "Kleymenova, Valeria"]
[Result "1-0"]
[WhiteElo "2492"]
[BlackElo "2141"]
[PlyCount "129"]
[EventDate "2022.10.15"]
[EventType "swiss (rapid)"]
[EventRounds "11"]
[EventCountry "RUS"]
[SourceTitle "CBM 210 Extra"]
[Source "ChessBase"]
[SourceDate "2022.11.30"]
[SourceVersion "1"]
[SourceVersionDate "2022.11.30"]
[SourceQuality "1"]

1. d4 Nf6 2. Nf3 d5 3. Bf4 c5 4. e3 e6 5. Nbd2 Nc6 6. c3 Bd6 7. Bg3 Qc7 8. dxc5 Bxg3 9. hxg3 a5 10. c4 0-0 11. Rc1 Rd8 12. cxd5 exd5 13. Bd3 Bg4 14. Qc2 h6 15. a3 Ne5 16. 0-0 Re8 17. Rfe1 Rad8 18. Bb5 Re7 19. Nd4 Ne4 20. Nf1 Bd7 21. b4 axb4 22. axb4 Bxb5 23. Nxb5 Qd7 24. Nd4 Nc4 25. Ra1 Ree8 26. Ra7 Ne5 27. f3 Nf6 28. Qf5 Qc7 29. g4 Nc6 30. Nxc6 Qxc6 31. Rd1 Ra8 32. Rxa8 Rxa8 33. g5 hxg5 34. Qxg5 Ra4 35. Ng3 Qe6 36. Nf5 g6 37. Nd4 Qe7 38. b5 Ra3 39. Re1 Rd3 40. Kf1 Rc3 41. c6 bxc6 42. bxc6 Kf8 43. Qh6+ Kg8 44. Qg5 Kf8 45. Ra1 Rxe3 46. Ra8+ Ne8 47. Qxe7+ Kxe7 48. Nb5 Rb3 49. c7 Nxc7 50. Nxc7 Kd6 51. Ne8+ Ke5 52. Ra2 d4 53. Re2+ Kd5 54. Nf6+ Kc4 55. Ne4 Rb6 56. Rc2+ Kd3 57. Rd2+ Ke3 58. Re2+ Kd3 59. Kf2 f5 60. Nc5+ Kc4 61. Rc2+ Kd5 62. Nd3 g5 63. Rc5+ Ke6 64. Re5+ Kf6 65. Rd5 1-0

[Event "Cheliabinsk Panchenko Memorial op-B"]
[Site "Cheliabinsk"]
[Date "2022.09.20"]
[Round "9"]
[White "Kleymenova, Valeria"]
[Black "Loskutova, Viktoriya"]
[Result "1/2-1/2"]
[WhiteElo "2183"]
[BlackElo "2055"]
[PlyCount "55"]
[EventDate "2022.09.12"]
[EventType "swiss"]
[EventRounds "10"]
[EventCountry "RUS"]
[SourceTitle "CBM 210 Extra"]
[Source "ChessBase"]
[SourceDate "2022.11.30"]
[SourceVersion "1"]
[SourceVersionDate "2022.11.30"]
[SourceQuality "1"]

1. d4 Nf6 2. c4 e6 3. g3 c5 4. d5 exd5 5. cxd5 d6 6. Nc3 g6 7. Bg2 Bg7 8. Nf3 0-0 9. 0-0 Re8 10. Re1 a6 11. a4 Nbd7 12. Bf4 Ng4 13. a5 Nde5 14. h3 Nxf3+ 15. exf3 Ne5 16. Bf1 h6 17. Be3 Rb8 18. f4 Nd7 19. Qf3 Nf6 20. g4 b5 21. axb6 Rxb6 22. Re2 Rb4 23. Rae1 a5 24. Bc1 Rxe2 25. Qxe2 Bd7 26. Bg2 Rb8 27. Bf3 Nh7 28. Qc2 1/2-1/2